| 000 | 00637nam a2200181 i 4500 | ||
|---|---|---|---|
| 001 | 23262 | ||
| 003 | ES-MaACL | ||
| 005 | 20230906152836.0 | ||
| 007 | t| | ||
| 008 | 021209s1956 sp ||||1| spa d | ||
| 245 | 0 | 0 |
_aTratado práctico de medicina de urgencia / _cdirigida por C. Allan Birch ; [versión española de la 4ª edición inglesa por T. Morato Cárdenas y B. Cordón Bonet]. |
| 260 |
_aMadrid : _bAlhambra, _c1956. |
||
| 300 |
_a612 p. : _bil. ; _c22 cm. |
||
| 700 | 1 |
_aMorato Cárdenas, Teófilo. _983164 |
|
| 700 | 1 |
_aCordón Bonet, B. _940560 |
|
| 700 | 1 |
_aAllan Birch, C. _919958 |
|
| 852 |
_aES-MaACL _jC-11324 _bR.39441 |
||
| 999 |
_c23262 _d23262 |
||